00518nam a2200169Ia 4500003000500000008004100005020001800046040001900064082000700083100002000090245003500110260003900145546001200184942001200196999001700208952012300225STCL181203s9999 xx 000 0 und d a9788184875065 aSTCLbENcSTCL 222 aChoudhary, K.K. 0aNanoscience and Nanotechnology bNarosa PublishingaNew Delhic2016 aEnglish 2ddccBK c86020d86020 00102ddc4070aSTCALbSTCALcGENd2018-12-03l2o620.5 CHO-Np94575r2020-03-09 00:00:00s2020-03-04w2018-12-03yBK